Top 15 Countries with Covid-19 Deaths - 1 December 2021 - Statistics

General Stats
  • This quiz has been taken 41 times
  • The average score is 13 of 27
Answer Stats
country % Correct
United States
97%
Italy
89%
United Kingdom
87%
Russia
84%
India
82%
Mexico
79%
Brazil
76%
France
76%
Germany
76%
Argentina
63%
Colombia
58%
Indonesia
58%
Iran
58%
Peru
47%
South Africa
47%
Romania
32%
Croatia
26%
Bosnia and Herzegovina
24%
Bulgaria
24%
Slovenia
21%
Czechia
18%
Hungary
18%
North Macedonia
16%
Slovakia
16%
Lithuania
13%
Armenia
11%
Georgia
11%
No matching quizzes found
Score Distribution
Percent of People with Each Score
Percentile by Number Answered
Your Score History
You have not taken this quiz